| 000 | 00831cam a22002891 4500 | ||
|---|---|---|---|
| 999 |
_c173365 _d173365 |
||
| 001 | 6532817 | ||
| 003 | Nust | ||
| 005 | 20180723115020.0 | ||
| 008 | 750702s1957 nyu 000 1 eng | ||
| 010 | _a 57012135 | ||
| 020 |
_a0007191014 _cRs. 200 |
||
| 035 | _a(OCoLC)1426906 | ||
| 038 | _aArshad | ||
| 040 |
_aDLC _cFO _dOCoLC _dDLC |
||
| 050 | 0 | 0 |
_aPZ3.C4637 _bWg _aPR6005.H66 |
| 082 | 0 | 0 |
_a823.912 _bCHI |
| 100 | 1 |
_aChristie, Agatha, _d1890-1976. _92976 |
|
| 245 | 1 | 0 | _a4:50 from Paddington |
| 260 |
_aNew York, _bDodd, Mead _c1957 |
||
| 300 |
_a378 p. _c22 cm. |
||
| 490 | 0 | _aRed badge detective | |
| 500 | _a"Serialized under the title Eye witness to murder." | ||
| 655 | 7 |
_aDetective and mystery stories. _2gsafd _92977 |
|
| 906 |
_a7 _bcbc _coclcrpl _du _encip _f19 _gy-gencatlg |
||
| 942 |
_2ddc _cBK |
||